Quizz Culture générale autour du mot "CLE" - Statistiques

Statistiques générales
  • Ce quiz a été pris 36 fois
  • Le résultat moyen est 7 sur 30
Statistiques - réponses
Question Réponse % Correct
Quelle clé n'existe pas en musique ?
83%
La clé USB a été inventée en 1999
67%
En architecture où est la clé de voûte ? Au centre de la voûte
50%
Qui chante "Voici les clés" ? Gérard Lenorman
50%
Qui utilise une clé d'accord ? Un accordeur
50%
La clé USB commercialisée par Netac technology en 2001 avait une capacité de 1 Go
33%
La rue de la Clef se trouve à Paris dans le... 5e arrondissement
33%
Quel joueur de tennis est surnommé La Clé ? Arnaud Clément
33%
Quelle clé n'existe pas ? La clé courbe
33%
Clé vient d'un mot latin
33%
Quel dramaturge a écrit La Clef en 1907 ? Sacha Guitry
33%
Quel saint a pour attribut une ou des clés ? St Pierre
33%
La clé des champs est une saga de l'été diffusée sur France 2 en 1998
17%
On utilise le terme de clé aux échecs
17%
La clé à six pans creux est aussi appelée Clé Allen
17%
Au Canada il existe le lac clef de sol
17%
Clefs est une commune du Maine-et-Loire
17%
Qu'est ce qui est faux concernant la clé RIB ? elle est attribuée au hasard
17%
La clef fée est un objet magique qui apparait dans La Barbe Bleue
17%
Quel film ne fait pas partie de la même trilogie ? La petite
17%
En héraldique que symbolise la clé ? la puissance
17%
Dans les caractères chinois, sinogrammes, la clé est l'équivalent de/du radical
17%
La clé grecque est un motif
17%
Qui a réalisé "La clé sur la porte" en 1977 Yves Boisset
17%
A quoi les pompiers utilisent-ils la clé Guillemin ? à relier des tuyaux
0%
Laquelle de ces oeuvres n'est pas un "roman à clé" La Guerre des mondes de H.G.Wells
0%
Qu'est une clé pour un marin ? le soutien de certains mâts
0%
Quelle conserve s'ouvre avec une clé spécifique ? Les sardines
0%
Quel type de clé n'existe pas dans les sports de combat ? Réduction
0%
Où trouve-t-on une clé d'eau ? Sur un instrument à vent
0%
Aucun quiz correspondant
Distribution des résultats
% des personnes avec chaque résultat
Percentile par nombre de réponses
Votre historique - résultats
Vous n’avez pas pris ce quiz